Quizzes
Events
Quiz Creation
Community
Videos
Private Events
Remove Ads
Sign In
Join for FREE
Feedback
Dark Mode
Quiz Categories
Sports
Geography
Music
Movies
Television
Just For Fun
Miscellaneous
History
Literature
Language
Science
Gaming
Entertainment
Religion
Holiday
For Kids
Quiz Lab
Recent
Popular Today
Quiz Kudos Today
Editor Picks
Curator Picks
Quizzes by...
Day
Popularity
Type
Ratings
Length
Year
Community
Subscriptions
Recent Discussions
Orange Saloon
Badges
Playlists
Quests
Create
Leaderboards
Showdown
Live 5
Trivia Bingo
Activity
Puzzle Library
Sporcle Events
Private Events
Virtual Trivia
Globe League
Become a Host
Pub Owners
SporcleCon
Opinionation
Our Games
Videos
Blog
Mobile Apps
Partnerships
Remove Ads and Go Orange
Feedback
Music
Pop Music
The Beatles
Song
Album
Lyrics
Bands
Singers
Artist
Clip
Rock
Rap
Classical
Billboard
Country Music
Kpop
Taylor Swift
Music
Pop Music
The Beatles
Song
Album
Lyrics
Bands
Singers
Artist
Clip
Rock
Rap
Classical
Billboard
Country Music
Kpop
Taylor Swift
Random Quiz
Search Sporcle
×
Quiz Lab
Quiz Lab
Music
Billboard
Type in answers that appear in a list
Type in answers that appear in a list
Classic
Best Score? Go Orange.
#1 hits on the Billboard Hot 100 in 1989 Stats
Can you name the #1 hits of 1989?
By
BillG38
8m
33 Questions
102 Plays
102 Plays
102 Plays
Comments
Comments
Give Quiz Kudos
Give Quiz Kudos
-
- Ratings
hide this ad
More Info
Replay
Link that replays current quiz
Next Quiz
Link to next quiz in quiz playlist
You Got
0%
They Got
Avg Score
54%
Avg Friend Score
Upgrade to see
Score Distribution
Jump to the score distribution portion of the page
Score
0/33
Timer
08:00
0
Plays Today
artist
song
% Correct
Fine Young Cannibals
She Drives Me Crazy
85.3%
Paula Abdul
Straight Up
84.3%
Poison
Every Rose Has Its Thorn
78.4%
Bette Midler
Wind Beneath My Wings
77.5%
Mike + The Mechanics
The Living Years
71.6%
The Bangles
Eternal Flame
68.6%
Milli Vanilli
Blame It On The Rain
68.6%
Madonna
Like A Prayer
67.6%
Martika
Toy Soldiers
66.7%
Billy Joel
We Didn't Start The Fire
66.7%
Bobby Brown
My Prerogative
61.8%
Phil Collins
Another Day In Paradise
59.8%
Sheriff
When I'm With You
57.8%
Michael Damian
Rock On
56.9%
Roxette
The Look
55.9%
New Kids On The Block
Hangin' Tough
54.9%
Fine Young Cannibals
Good Thing
52.9%
artist
song
% Correct
Debbie Gibson
Lost In Your Eyes
52%
Paula Abdul
Forever Your Girl
52%
Prince
Batdance
51%
Richard Marx
Right Here Waiting
51%
Paula Abdul
Cold Hearted
50%
Simply Red
If You Don't Know Me By Now
46.1%
Bad English
When I See You Smile
44.1%
Janet Jackson
Miss You Much
39.2%
Bon Jovi
I'll Be There For You
38.2%
Roxette
Listen To Your Heart
38.2%
Phil Collins
Two Hearts
35.3%
Milli Vanilli
Baby Don't Forget My Number
35.3%
Milli Vanilli
Girl I'm Gonna Miss You
33.3%
Richard Marx
Satisfied
31.4%
New Kids On The Block
I'll Be Loving You
30.4%
Gloria Estefan
Don't Wanna Lose You
24.5%
Quiz Playlist
Details
Report
Send in Message
Add To Playlist
More Info:
Songs didn't spend too many weeks at #1 in 1989. There were a LOT of them!
Classic:
Type in answers that appear in a list
Quiz Source
Last Updated: Feb 16, 2017
Quiz Scoreboard
CHALLENGE
Sign Up to Join the Scoreboard
Show All
Scores
Hide
Comments
May contain spoilers
Recently Published
Popular People in 1961
by mucciniale
History
6m
1-10 Letter E Words III
by El_Dandy
Language
2m
One Thing in Common: World Cities II
by knightlancer
Geography
7m
More to Explore
Quiz From the Vault
Featured Blog Post
Where Did the Easter Bunny Come From?
hide this ad
You Might Also Like...
Tags
Billboard Quiz
Numbers Quiz
Song Quiz
1989
Music Charts
Today's Top Quizzes in Music
Browse Music
hide this ad
Today's Top Quizzes in Billboard
Browse Billboard
Top Contributed Quizzes in Music
1
Taylor Swift All Songs (2024)
2
2010s Album by Cover III
3
One Thing in Common: Music
4
Taylor Swift Logic Puzzle
5
Guess the Artist- 70s Songs
6
2010s Album by Cover IV
7
Guess the Taylor Swift song (Mystery Song)
8
2010s Album by Cover V
9
Lana Del Rey Discography (BTD to DYKTTATUOB)
10
2010s Album by Cover VI
Explore More
Trending Topics
Crossword
Disney
Kpop
Anime
NBA
Harry Potter
Marvel
NFL
Puzzle
Song
Country
WWE
The Office
Pokémon
Soccer
hide this ad
More By:
BillG38
Quiz
Plays
Rating
Category
Featured
Created
Celebrity Siblings
1,179
2.50
Entertainment
Aug 29, 2010
Full House Uncle Jesse's Bands
652
5.00
Television
Sep 6, 2010
George Michael Hits
541
5.00
Music
Aug 30, 2010
80's random songs
490
3.36
Music
Sep 5, 2010
Hair Bands with Audio
244
5.00
Music
Sep 6, 2010
Go to Creator's Profile
Score Distribution
Quiz Creator Spotlight
BillG38
Follow
Send a Message
Quizzes Created
-
Created Quiz Play Count
-
More By This Creator
Popular Quizzes Today
1
Find the US States - No Outlines Minefield
2
Find the Countries of Europe - No Outlines Minefield
3
The Countries of the World
4
Popular People in 1961
5
1-10 Letter E Words III
6
Find the US States
7
US States
8
One Thing in Common: World Cities II
More Music Quizzes
Figure out the 80's/90's lyrics
Curator's Pick
Trending Quizzes
Risky Map Clicking: Least Populous States A-Z
1-10 Letter F Words
1-10 Letter G Words
One Thing in Common: United Kingdom
Risky Map Clicking: Next State Alphabetically
Recently Updated
Leaping Animals
pecheneg
Reality TV Shows (A-Z)
bhenderson79
Rickey Henderson's Hall of Fame Teammates
pecheneg
Champions League XIs: Arsenal
pecheneg
Quick Pick: Celebrities in WWE's Hall of Fame
aduchscher
A-Z Keypad Blitz II
pecheneg
Multiple Oscar Actors
pecheneg
Mystery Phrase Blitz: Oscar 'Best Actors'
pecheneg
F. Scott Fitzgerald Novels
LTH
Pick 3 Villains
ddd62291
Trending Topics
NBA
Disney
Anime
Kpop
Crossword
Harry Potter
Marvel
Country
WWE
Song
NFL
Pokémon
Soccer
Puzzle
The Office
Your Account Isn't Verified!
In order to create a playlist on Sporcle, you need to verify the email address you used during registration. Go to your
Sporcle Settings
to finish the process.
Report this User
Report this user for behavior that violates our
Community Guidelines
.
Details:
Send Report
Go to the Sporcle.com Mobile Site →
Comments